| 000 | 00345nam a22001457a 4500 | ||
|---|---|---|---|
| 999 |
_c9073 _d9073 |
||
| 003 | OSt | ||
| 008 | 200715b ||||| |||| 00| 0 eng d | ||
| 100 | _aKumar , S.Sambath | ||
| 245 | _aPharmaceutical Jurisprudence | ||
| 250 | _a2018 | ||
| 260 |
_aMadurai _bSatya |
||
| 300 | _a240 | ||
| 650 | _aPharmaceutical Jurisprudence | ||
| 942 |
_2ddc _cBK _01 |
||